01866nam a2200445 i 450000100060000000300080000600500170001400600190003100700150005000800410006502000180010602000270012403500230015103500240017403500250019803500210022304000310024405000220027508200170029724501450031426400370045930000250049633600310052133700330055233800430058549000960062850400530072458801280077759001640090565000480106965000260111765000440114365500270118770000290121470000270124379700190127083000520128985600620134199900170140387932FlNmELB20241217171612.0m o d | cr cnu||||||||131226s1999 sp ob 011 0 spa d z9788495107152 a9783865278852 (e-book) a(MiAaPQ)EBC3215924 a(Au-PeEL)EBL3215924 a(CaPaEBR)ebr10779995 a(OCoLC)992102046 aFINmELBbspaerdacFINmELB 4aPC4838b.C37 19990 a467.972922303aEl Caribe hispánico :bperspectivas lingüísticas actuales : homenaje a Manuel Alvarez Nazario /c[edición de] Luis A. Ortiz López. 1aMadrid :bIberoamericana,c1999. a1 recurso en línea atextobtxt2rdacontent/spa acomputadorabc2rdamedia/spa arecurso en líneabcr2rdacarrier/spa1 aLengua y sociedad en el mundo hispánico = Language and society in the Hispanic world ;v3 aIncluye referencias bibliográficas e índice. aDescripción basada en recurso en línea; Título de la página del título en PDF (e-libro, visto November 26, 2013). aRecurso electrónico. Santa Fe, Arg.: e-libro, 2015. Disponible vía World Wide Web. El acceso puede estar limitado para las bibliotecas afiliadas a e-libro. 0aSpanish languagexDialectszCaribbean Area. 0aLanguages in contact. 4aDialectos españoleszAmerica Central. 4aLibros electrónicos.1 aAlvarez Nazario, Manuel.1 aOrtiz López, Luis A.2 ae-libro, Corp. 0aLengua y sociedad en el mundo hispánico ;v3.40uhttps://elibro.net/ereader/politecnicointernacional/36870 c87932d87932